[Event "Elite-ch POM"]
[Site "Montreal"]
[Date "2013.10.12"]
[Round "2"]
[White "Guo, Forest"]
[Black "Hebert, Jean"]
[Result "0-1"]
[WhiteElo "2069"]
[BlackElo "2433"]
[PlyCount "46"]
[EventDate "2013.10.11"]
[EventType "swiss"]
[EventRounds "7"]
[EventCountry "CAN"]
[SourceTitle "EXT 2022"]
[Source "ChessBase"]
[SourceDate "2021.10.06"]
[SourceVersion "1"]
[SourceVersionDate "2021.10.06"]
[SourceQuality "1"]

1. e4 d6 2. d4 g6 3. Nf3 Bg7 4. c4 e5 5. Nc3 exd4 6. Nxd4 Ne7 7. Be2 Nbc6 8. Be3 0-0 9. 0-0 f5 10. exf5 Bxd4 11. Bxd4 Nxf5 12. Nb5 a6 13. g4 axb5 14. gxf5 Qg5+ 15. Kh1 Qxf5 16. cxb5 Qd5+ 17. f3 Nxd4 18. Rc1 Qe5 19. Bc4+ Kh8 20. Rc3 Bh3 21. Re1 Qf6 22. Re4 c5 23. bxc6 Nxc6 0-1

[Event "Montreal Elite POM"]
[Site "Montreal"]
[Date "2012.10.07"]
[Round "5.9"]
[White "Nikulich, Oleksandr"]
[Black "Guo, Forest"]
[Result "1/2-1/2"]
[WhiteElo "1825"]
[BlackElo "1928"]
[PlyCount "87"]
[EventDate "2012.10.05"]
[EventType "swiss"]
[EventRounds "7"]
[EventCountry "CAN"]
[SourceTitle "EXT 2022"]
[Source "ChessBase"]
[SourceDate "2021.10.06"]
[SourceVersion "1"]
[SourceVersionDate "2021.10.06"]
[SourceQuality "1"]

1. Nf3 c5 2. c4 Nf6 3. d4 cxd4 4. Nxd4 Nc6 5. Nc3 e6 6. Ndb5 d6 7. Bf4 e5 8. Bg5 a6 9. Na3 Be6 10. g3 Be7 11. Bg2 0-0 12. 0-0 Qd7 13. Qd2 Rfd8 14. Rfd1 Rac8 15. Bxf6 Bxf6 16. b3 Be7 17. Nc2 Qc7 18. Nd5 Bxd5 19. Bxd5 b5 20. Bxc6 Qxc6 21. Nb4 Qb7 22. Qd5 Rd7 23. cxb5 axb5 24. Qxb7 Rxb7 25. Rac1 Ra8 26. Rc2 f5 27. Rdc1 Kf7 28. f3 Ke6 29. e4 g6 30. Rc7 Raa7 31. Rxb7 Rxb7 32. Nd5 Bd8 33. Rc2 h5 34. Kf1 Ra7 35. Ke1 h4 36. Kf1 Kd7 37. g4 fxg4 38. fxg4 h3 39. Ke2 Bh4 40. Kd2 Kd8 41. Ke2 Rf7 42. Ke3 Bg5+ 43. Ke2 Bh4 44. Ke3 1/2-1/2

[Event "Montreal Elite POM"]
[Site "Montreal"]
[Date "2012.10.06"]
[Round "3.4"]
[White "Masse, Hugues"]
[Black "Guo, Forest"]
[Result "1/2-1/2"]
[WhiteElo "2255"]
[BlackElo "1928"]
[PlyCount "43"]
[EventDate "2012.10.05"]
[EventType "swiss"]
[EventRounds "7"]
[EventCountry "CAN"]
[SourceTitle "EXT 2022"]
[Source "ChessBase"]
[SourceDate "2021.10.06"]
[SourceVersion "1"]
[SourceVersionDate "2021.10.06"]
[SourceQuality "1"]

1. d4 d5 2. c4 e6 3. Nf3 Be7 4. g3 Nf6 5. Bg2 0-0 6. 0-0 dxc4 7. Qc2 c5 8. Rd1 Bd7 9. Qxc4 Bc6 10. Nc3 Qa5 11. dxc5 Qxc5 12. Qf4 Nbd7 13. Be3 Qb4 14. Qxb4 Bxb4 15. Bd4 Rfd8 16. a3 Be7 17. b4 a6 18. Rac1 Rac8 19. h3 h6 20. Kf1 Kf8 21. Ke1 Bd6 22. Be3 1/2-1/2

[Event "Trois-Rivieres Mauricie op"]
[Site "Trois Rivieres"]
[Date "2012.03.18"]
[Round "5"]
[White "Guo, Forest"]
[Black "Auger, Bertrand"]
[Result "1-0"]
[WhiteElo "1904"]
[BlackElo "1966"]
[PlyCount "65"]
[EventDate "2012.03.16"]
[EventType "swiss"]
[EventRounds "5"]
[EventCountry "CAN"]
[SourceTitle "EXT 2022"]
[Source "ChessBase"]
[SourceDate "2021.10.06"]
[SourceVersion "1"]
[SourceVersionDate "2021.10.06"]
[SourceQuality "1"]

1. e4 e6 2. d4 d5 3. e5 c5 4. c3 Nc6 5. Nf3 Qb6 6. Be2 cxd4 7. cxd4 Nh6 8. Nc3 Nf5 9. Bb5 Bd7 10. Bxc6 Qxc6 11. 0-0 Be7 12. Bf4 Rc8 13. Qd2 Bb4 14. Rfc1 Qa6 15. a3 Be7 16. Bg5 f6 17. Bf4 h5 18. Re1 Kf7 19. Rac1 Rc6 20. Ne2 Rhc8 21. Rxc6 bxc6 22. exf6 gxf6 23. Ng3 Nxg3 24. Bxg3 Bf8 25. Qf4 Kg7 26. Bh4 Be7 27. Qg3+ Kh7 28. Ne5 Rg8 29. Qh3 Qc8 30. Bxf6 Bf8 31. Qxh5+ Bh6 32. Qf7+ Bg7 33. Qg6+ 1-0

[Event "Quebec-ch Elite"]
[Site "Montreal"]
[Date "2011.10.10"]
[Round "7"]
[White "Robichaud, Louis"]
[Black "Guo, Forest"]
[Result "0-1"]
[WhiteElo "2157"]
[BlackElo "1917"]
[PlyCount "114"]
[EventDate "2011.10.07"]
[EventType "swiss"]
[EventRounds "7"]
[EventCountry "CAN"]
[SourceTitle "EXT 2022"]
[Source "ChessBase"]
[SourceDate "2021.10.06"]
[SourceVersion "1"]
[SourceVersionDate "2021.10.06"]
[SourceQuality "1"]

1. e4 c5 2. Nc3 Nc6 3. g3 g6 4. Bg2 Bg7 5. d3 d6 6. f4 Nf6 7. Nf3 0-0 8. 0-0 Rb8 9. h3 b5 10. a3 a5 11. Be3 b4 12. axb4 axb4 13. Ne2 c4 14. Nd2 cxd3 15. cxd3 Bb7 16. d4 e6 17. g4 d5 18. e5 Nd7 19. Nb3 Re8 20. Qe1 Ra8 21. Qf2 Ba6 22. f5 Bxe2 23. Qxe2 Rxa1 24. Nxa1 Qc7 25. Qf2 Nb6 26. Nb3 Nc4 27. Bf4 N4a5 28. Nc5 Nb7 29. Nd3 Nba5 30. Be3 Rb8 31. Nf4 Qd7 32. Qh4 Nc4 33. Bf2 Nxb2 34. Re1 Re8 35. f6 Bf8 36. Be3 Nc4 37. Bc1 Nxd4 38. Nd3 Rb8 39. Qf2 Nc6 40. Kh1 b3 41. Nb2 N6a5 42. Nd3 Qb7 43. Bf4 Na3 44. Qh4 N5c4 45. Bh6 Qc8 46. Bxd5 b2 47. Bxe6 Qc6+ 48. Kh2 b1Q 49. Bxf7+ Kh8 50. Rxb1 Rxb1 51. Nf2 Nxe5 52. Bxf8 Nxf7 53. g5 Qc7+ 54. Kg2 Qc4 55. Qg3 Qd5+ 56. Kh2 Nc4 57. Qg4 Qe5+ 0-1

[Event "Quebec-ch Elite"]
[Site "Montreal"]
[Date "2011.10.07"]
[Round "1"]
[White "Gulko, Andrei"]
[Black "Guo, Forest"]
[Result "1-0"]
[WhiteElo "2162"]
[BlackElo "1917"]
[PlyCount "77"]
[EventDate "2011.10.07"]
[EventType "swiss"]
[EventRounds "7"]
[EventCountry "CAN"]
[SourceTitle "EXT 2022"]
[Source "ChessBase"]
[SourceDate "2021.10.06"]
[SourceVersion "1"]
[SourceVersionDate "2021.10.06"]
[SourceQuality "1"]

1. d4 d5 2. Nf3 Nf6 3. e3 e6 4. Bd3 c5 5. c3 Nc6 6. Nbd2 Be7 7. dxc5 Bxc5 8. Qe2 0-0 9. 0-0 e5 10. e4 Re8 11. exd5 Nxd5 12. Nb3 Nf4 13. Bxf4 exf4 14. Qc2 Bd6 15. Bxh7+ Kh8 16. Bf5 Qf6 17. Bxc8 Raxc8 18. Rad1 Bb8 19. Nbd4 g6 20. Nxc6 Rxc6 21. Rd7 g5 22. Rd5 Be5 23. h3 Kg7 24. Qe4 Rce6 25. Rxe5 Rxe5 26. Nxe5 Qxe5 27. Qxb7 Rb8 28. Qxa7 Rxb2 29. Qa8 Qxc3 30. Qd5 Kg6 31. a4 Rb4 32. a5 Ra4 33. Rb1 Rxa5 34. Rb6+ f6 35. Qe4+ Rf5 36. Qe8+ Kh6 37. Rb7 Re5 38. Qh8+ Kg6 39. Qh7# 1-0

[Event "Montreal op U2000"]
[Site "Montreal"]
[Date "2011.09.11"]
[Round "4"]
[White "Lalumiere, Claude"]
[Black "Guo, Forest"]
[Result "0-1"]
[WhiteElo "1778"]
[BlackElo "1897"]
[PlyCount "82"]
[EventDate "2011.09.09"]
[EventType "swiss"]
[EventRounds "5"]
[EventCountry "CAN"]
[SourceTitle "EXT 2022"]
[Source "ChessBase"]
[SourceDate "2021.10.06"]
[SourceVersion "1"]
[SourceVersionDate "2021.10.06"]
[SourceQuality "1"]

1. e4 c5 2. Nf3 d6 3. d4 cxd4 4. Nxd4 Nf6 5. Nc3 a6 6. Bg5 e6 7. f4 Qc7 8. Be2 Be7 9. Qd3 Nbd7 10. Nb3 b5 11. Bf3 Bb7 12. Bh4 Rc8 13. a3 h6 14. Bf2 Bc6 15. Rd1 Nb6 16. Nd2 Bb7 17. 0-0 Nc4 18. Nxc4 Qxc4 19. Qe3 Nd7 20. Rfe1 0-0 21. h3 Rfd8 22. Kh2 Qc7 23. g4 Bf6 24. e5 dxe5 25. Bxb7 Qxb7 26. Ne4 exf4 27. Qe2 Qc7 28. Kg1 Bxb2 29. Nd6 Rb8 30. Nxf7 Kxf7 31. Qxe6+ Kf8 32. Rd5 Nf6 33. Bc5+ Qxc5+ 34. Rxc5 Bd4+ 35. Kg2 Bxc5 36. Qb3 Rd2+ 37. Kh1 Rbd8 38. Qc3 Bf2 39. Qb4+ Kg8 40. Re7 Bg3 41. Qb3+ Kh7 0-1

[Event "Montreal op U2000"]
[Site "Montreal"]
[Date "2011.09.10"]
[Round "3"]
[White "Guo, Forest"]
[Black "Lopez Linares, Lizandro Fernando"]
[Result "0-1"]
[WhiteElo "1897"]
[BlackElo "1981"]
[PlyCount "62"]
[EventDate "2011.09.09"]
[EventType "swiss"]
[EventRounds "5"]
[EventCountry "CAN"]
[SourceTitle "EXT 2022"]
[Source "ChessBase"]
[SourceDate "2021.10.06"]
[SourceVersion "1"]
[SourceVersionDate "2021.10.06"]
[SourceQuality "1"]

1. e4 c6 2. d4 d5 3. exd5 cxd5 4. c4 Nf6 5. Nc3 Nc6 6. Bg5 e6 7. Nf3 Be7 8. c5 0-0 9. Bb5 Ne4 10. Bxe7 Nxe7 11. Rc1 Qa5 12. Qa4 Qc7 13. 0-0 a6 14. Bd3 Bd7 15. Qc2 f5 16. b4 Ng6 17. Rfe1 Rae8 18. Qb3 Qf4 19. Ne2 Qh6 20. Ng3 Qf4 21. Ne2 Qh6 22. Ng3 Kh8 23. a4 Nd2 24. Nxd2 Qxd2 25. Red1 Qg5 26. Be2 Nh4 27. Bf1 f4 28. Ne2 f3 29. Ng3 fxg2 30. Be2 Qf4 31. f3 Bxa4 0-1

[Event "Montreal op U2000"]
[Site "Montreal"]
[Date "2011.09.10"]
[Round "2"]
[White "Wang, Yan"]
[Black "Guo, Forest"]
[Result "0-1"]
[WhiteElo "1587"]
[BlackElo "1897"]
[PlyCount "86"]
[EventDate "2011.09.09"]
[EventType "swiss"]
[EventRounds "5"]
[EventCountry "CAN"]
[SourceTitle "EXT 2022"]
[Source "ChessBase"]
[SourceDate "2021.10.06"]
[SourceVersion "1"]
[SourceVersionDate "2021.10.06"]
[SourceQuality "1"]

1. e4 c5 2. Nf3 d6 3. c3 Nf6 4. Be2 e6 5. 0-0 Be7 6. d3 0-0 7. h3 Nc6 8. Be3 Qc7 9. Nbd2 d5 10. exd5 Nxd5 11. Nb3 Nxe3 12. fxe3 b6 13. d4 cxd4 14. exd4 Bb7 15. Nbd2 Rad8 16. Nc4 Bf6 17. Qc2 g6 18. Rac1 Bg7 19. Rfd1 Ne7 20. Nce5 Nf5 21. Qa4 Bh6 22. Rb1 Ne3 23. Re1 f6 24. Ng4 Nxg4 25. hxg4 Be3+ 26. Kh1 Qg3 27. Bf1 Bf2 28. Re2 Bxf3 29. Rxf2 Qxf2 30. gxf3 Qxf3+ 31. Bg2 Qxg4 32. Qxa7 e5 33. d5 e4 34. c4 Rd6 35. Qe7 Rd7 36. Qb4 e3 37. Qxb6 Qh5+ 38. Kg1 Qe5 39. Qa5 f5 40. c5 f4 41. Bf3 Qg5+ 42. Kh1 Qh4+ 43. Kg1 Qf2+ 0-1

[Event "Montreal op U2000"]
[Site "Montreal"]
[Date "2011.09.09"]
[Round "1"]
[White "Guo, Forest"]
[Black "Chesnut, Walter"]
[Result "1-0"]
[WhiteElo "1897"]
[BlackElo "1648"]
[PlyCount "101"]
[EventDate "2011.09.09"]
[EventType "swiss"]
[EventRounds "5"]
[EventCountry "CAN"]
[SourceTitle "EXT 2022"]
[Source "ChessBase"]
[SourceDate "2021.10.06"]
[SourceVersion "1"]
[SourceVersionDate "2021.10.06"]
[SourceQuality "1"]

1. e4 e5 2. Nf3 Nc6 3. Bb5 a6 4. Ba4 Nf6 5. Qe2 b5 6. Bb3 Bc5 7. c3 0-0 8. d3 h6 9. Be3 Ba7 10. Nbd2 d6 11. h3 Na5 12. Bc2 c5 13. Nf1 Nc6 14. g4 d5 15. Ng3 dxe4 16. dxe4 Be6 17. Nd2 c4 18. Nf5 Bxe3 19. Nxe3 Nd7 20. Rd1 Qe7 21. Ndf1 Nc5 22. Ng3 g6 23. Nd5 Bxd5 24. exd5 Nd8 25. Qe3 Kg7 26. d6 Qa7 27. Qxe5+ Kh7 28. 0-0 Nc6 29. Qd5 Qb6 30. Rfe1 Nd7 31. Ne4 Rae8 32. Ng3 Nf6 33. Qf3 Kg7 34. Ne4 Nxe4 35. Rxe4 Ne5 36. Qg2 Nd7 37. Re7 Nf6 38. Rb7 Qc5 39. Rc7 Qe5 40. Qf3 Rd8 41. Rc6 a5 42. Qe3 Rfe8 43. Qxe5 Rxe5 44. Kf1 a4 45. Rc7 Nd5 46. Rc6 Nf4 47. d7 Rd5 48. Rxd5 Nxd5 49. Rd6 Nf6 50. Ke2 Nxd7 51. Rd5 1-0

[Event "Montreal Oasis op"]
[Site "Montreal"]
[Date "2011.02.26"]
[Round "2"]
[White "Guo, Forest"]
[Black "Turcotte, Jonathan"]
[Result "0-1"]
[WhiteElo "1886"]
[BlackElo "1943"]
[PlyCount "84"]
[EventDate "2011.02.25"]
[EventType "swiss"]
[EventRounds "5"]
[EventCountry "CAN"]
[SourceTitle "EXT 2013"]
[Source "ChessBase"]
[SourceDate "2012.11.22"]
[SourceVersion "1"]
[SourceVersionDate "2012.11.22"]
[SourceQuality "1"]

1. e4 e5 2. Nf3 Nc6 3. Bb5 a6 4. Ba4 Nf6 5. Qe2 Be7 6. c3 b5 7. Bb3 d6 8. 0-0 0-0 9. Rd1 Na5 10. Bc2 c5 11. d4 Qc7 12. d5 Bd7 13. Nbd2 Ne8 14. b3 c4 15. b4 Nb7 16. a4 g6 17. Nf1 Ng7 18. Bh6 Rfc8 19. Ng3 Nd8 20. a5 f6 21. Be3 Nf7 22. Bb6 Qb7 23. h3 Rf8 24. Nh2 Rae8 25. Qd2 f5 26. exf5 gxf5 27. f4 Bf6 28. Be3 Nh8 29. Ne2 Ng6 30. Rf1 Nh5 31. g3 exf4 32. gxf4 Rf7 33. Nf3 Rfe7 34. Ned4 Rxe3 35. Ne6 Qa7 36. Qf2 Nhxf4 37. Kh1 Nxe6 38. dxe6 Bxe6 39. Rae1 Bd5 40. Bxf5 Bxf3+ 41. Kg1 Bh4 42. Qxh4 Nxh4 0-1

[Event "Quebec-ch U14"]
[Site "Montreal"]
[Date "2010.11.27"]
[Round "3"]
[White "Xu, Tian Run"]
[Black "Guo, Forest"]
[Result "0-1"]
[WhiteElo "1624"]
[BlackElo "1863"]
[PlyCount "104"]
[EventDate "2010.11.26"]
[EventType "swiss"]
[EventRounds "5"]
[EventCountry "CAN"]
[SourceTitle "EXT 2013"]
[Source "ChessBase"]
[SourceDate "2012.11.22"]
[SourceVersion "1"]
[SourceVersionDate "2012.11.22"]
[SourceQuality "1"]

1. d4 d5 2. c4 e6 3. Nc3 c6 4. Nf3 dxc4 5. e4 b5 6. Be3 Nf6 7. Qc2 Bb7 8. a3 a6 9. Be2 Be7 10. 0-0 0-0 11. Rfd1 Nbd7 12. Nd2 Qc7 13. f4 c5 14. f5 cxd4 15. Bxd4 Bc5 16. Nf3 e5 17. Bxc5 Nxc5 18. Nd5 Nxd5 19. exd5 Qd6 20. Rd2 Nb3 21. Rad1 Nxd2 22. Rxd2 Qc5+ 23. Kh1 Bxd5 24. Nxe5 Bxg2+ 25. Kxg2 Qxe5 26. Bf3 Rad8 27. Re2 Qf6 28. Kf1 Rd3 29. Be4 Rb3 30. Rg2 Rd8 31. a4 bxa4 32. Qxc4 Rxb2 33. Rxb2 Qxb2 34. Qxa4 Qb5+ 35. Qxb5 axb5 36. Ke2 b4 37. Bb1 f6 38. Bd3 Kf8 39. Kd2 Ke7 40. Kc2 Rd4 41. Be2 Kd6 42. Kb3 Kc5 43. h3 Rf4 44. Bg4 Rc4 45. Kb2 Rc3 46. h4 g6 47. fxg6 hxg6 48. Be6 Rc4 49. Bf7 Rxh4 50. Bxg6 Rh3 51. Bc2 Rh2 52. Kb3 Rxc2 0-1

[Event "Quebec-ch U14"]
[Site "Montreal"]
[Date "2009.11.29"]
[Round "5"]
[White "Guo, Forest"]
[Black "Mokrani, Youcef"]
[Result "1-0"]
[WhiteElo "1557"]
[BlackElo "1021"]
[PlyCount "55"]
[EventDate "2009.11.27"]
[EventType "swiss"]
[EventRounds "5"]
[EventCountry "CAN"]
[SourceTitle "EXT 2011"]
[Source "ChessBase"]
[SourceDate "2010.11.26"]
[SourceVersion "1"]
[SourceVersionDate "2010.11.26"]
[SourceQuality "1"]

1. e4 e5 2. Nf3 Nc6 3. Bb5 Nf6 4. Qe2 d5 5. Bxc6+ bxc6 6. exd5 Qxd5 7. Qxe5+ Qxe5+ 8. Nxe5 c5 9. 0-0 Bd6 10. Nc4 0-0 11. Nc3 Ng4 12. h3 Bh2+ 13. Kh1 Ne5 14. Kxh2 Nxc4 15. d3 Ne5 16. Na4 c4 17. f4 cxd3 18. fxe5 dxc2 19. Rf2 Bb7 20. Nc3 Rfe8 21. Bf4 f6 22. exf6 gxf6 23. Rxc2 Be4 24. Nxe4 Rxe4 25. Bg3 Rb8 26. b3 Rb7 27. Rxc7 Rxc7 28. Bxc7 1-0

[Event "Sherbrooke op-C"]
[Site "Sherbrooke"]
[Date "2008.05.25"]
[Round "5"]
[White "Guo, Forest"]
[Black "Bilodeau, Vincent"]
[Result "1-0"]
[WhiteElo "1243"]
[BlackElo "1279"]
[PlyCount "65"]
[EventDate "2008.05.23"]
[EventType "swiss"]
[EventRounds "5"]
[EventCountry "CAN"]
[SourceTitle "EXT 2011"]
[Source "ChessBase"]
[SourceDate "2010.11.26"]
[SourceVersion "1"]
[SourceVersionDate "2010.11.26"]
[SourceQuality "1"]

1. e4 e5 2. Nf3 Nc6 3. Bb5 a6 4. Ba4 d6 5. Bxc6+ bxc6 6. d4 exd4 7. Qxd4 c5 8. Qd3 Bb7 9. Nc3 g6 10. Bf4 Bg7 11. 0-0 Ne7 12. Rfe1 0-0 13. Rad1 Rb8 14. b3 f5 15. e5 d5 16. e6 d4 17. Na4 Be4 18. Qe2 Rb5 19. Ng5 Nd5 20. Bc1 Re8 21. f3 d3 22. cxd3 Bd4+ 23. Kh1 f4 24. dxe4 Ne3 25. Bxe3 fxe3 26. Nh3 Qf6 27. Qc4 Qh4 28. Qd5 h6 29. Qd7 Re7 30. Qd8+ Kg7 31. g3 Qf6 32. Nf4 g5 33. Nh5+ 1-0